Bilecik Bilecik Bilecik Bilecik Bilecik

Hukuk - İşletme - Ticaret Terimleri ve Kısaltmaları Sözlüğü / (Record no. 974)

MARC details
000 -BAŞLIK
Sabit Uzunluktaki Kontrol Alanı 01088nam a22003617a 4500
001 - KONTROL NUMARASI
Control Dosyası 0000979
003 - KONTROL NUMARASI KİMLİĞİ
Kontrol Alanı KOHA_MİRAKIL
005 - EN SON İŞLEM TARİHİ ve ZAMANI
Kontrol Alanı 20260207001226.0
007 - FİZİKSEL TANIM SABİT ALAN - GENEL BİLGİ
Sabit uzunluklu kontrol alanı ta
008 - SABİT UZUNLUKTAKİ VERİ ÖGELERİ - GENEL BİLGİ
Sabit Alan 081212b2007 tu |||grd|||#0|||0|tur |
020 ## - ISBN - ULUSLARARASI STANDART KİTAP NUMARASI
Isbn 9758654632
Kullanılabilirlik koşulları YTL16,690000000000001
040 ## - KATALOGLAMA KAYNAĞI
Özgün Kataloglama Kurumu TR-BiSEU
Kataloglama Dili tur
Çeviri Kurumu TR-BiSEU
Açıklama Kuralları rda
041 0# - DİL KODU
Metin ya da ses kaydının dil kodu tur
044 ## - YAYINLAYAN/ÜRETEN KURULUŞUN ÜLKE KODU
ISO country code tu
050 ## - SINIFLAMA ve YER NUMARASI
Sınıflama Numarası K52
Yer Numarası .A33 2007
100 1# - KİŞİ ADI
Yazar Adı (Kişi adı) Adal, Erhan.
245 1# - ESER ADI BİLDİRİMİ
Başlık Hukuk - İşletme - Ticaret Terimleri ve Kısaltmaları Sözlüğü /
Sorumluluk Bildirimi Erhan Adal ; Erhan Adal.
250 ## - BASIM BİLDİRİMİ
Basım Bildirimi 4. bs.
264 #1 - ÜRERİM, YAYIN, DAĞITIM ve TELİF BİLDİRİMİ
Yayın yeri İstanbul :
Yayınlayan Legal Yayıncılık
Yayın tarihi 2007
300 ## - FİZİKSEL TANIMLAMA
Sayfa, Cilt vb. 242 sayfa
336 ## - İÇERİK TÜRÜ
Content type term metin
Content type code txt
Source rdacontent
337 ## - MEDYA TÜRÜ
Media type term aracısız
Media type code n
Source rdamedia
338 ## - TAŞIYICI TÜRÜ
Carrier type term cilt
Carrier type code nc
Source rdacarrier
490 1# - DİZİ BİLDİRİMİ
Dizi Bildirimi Legal yayıncılık.
490 1# - DİZİ BİLDİRİMİ
Dizi Bildirimi Hukuk kitapları serisi ;
Cilt Numarası 33.
650 #0 - KONU BAŞLIĞI EK GİRİŞ - KONU TERİMİ
Konusal terim veya coğrafi ad Hukuk--Sözlükler.
9 (RLIN) 3684
650 #0 - KONU BAŞLIĞI EK GİRİŞ - KONU TERİMİ
Konusal terim veya coğrafi ad İşletme--Sözlükler.
9 (RLIN) 3685
650 #0 - KONU BAŞLIĞI EK GİRİŞ - KONU TERİMİ
Konusal terim veya coğrafi ad Ticaret--Sözlükler.
9 (RLIN) 3454
830 1# - SERİ EK GİRİŞİ - TEKBİÇİM ESER ADI
Tekbiçim Başlık Legal yayıncılık.
9 (RLIN) 3686
830 1# - SERİ EK GİRİŞİ - TEKBİÇİM ESER ADI
Tekbiçim Başlık Hukuk kitapları serisi ;
Volume number/sequential designation 33.
9 (RLIN) 3687
907 ## - LOCAL DATA ELEMENT G, LDG (RLIN)
a Sözlük
942 ## - EK GİRİŞ ÖGELERİ (KOHA)
Source of classification or shelving scheme Library of Congress Classification
Koha item type Book
Holdings
Materyal Türü Kalıcı Konum Mevcut Konum Raf Yeri Koleksiyon Kodu Sınıflandırma Kaynağı Edinim Bilgisi Ana Konular Alt Konular Yer Numarası Demirbaş Numarası Fatura Tarihi Maliyet, Alış Fiyatı Maliyet, Yenileme Fiyatı Geri Çekilme Durumu Kayıp Durumu Hasarlı Durumu Kredi için değil Kayıt Tarih Toplam Ödünçverme Son Görülme Tarihi Son Kontrol Tarihi
Danışma Kaynakları Prof. Dr. Azmi Özcan Kütüphanesi Prof. Dr. Azmi Özcan Kütüphanesi Uluğbey Salonu Referans Library of Congress Classification Satın HUKUK Genel Hukuk, Karşılaştırmalı ve Tekdüze Hukuk, Hukuk İlmi K52 .A33 2007 0000979 12/12/2008 18.03 18.03       Ödünç verilmez 12/12/2008   05/12/2024 05/12/2024